Zmeny v odpisovaní hmotného majetku

Dokončenie z HN č. 224/01. Technické zhodnotenie z hľadiska daňových a účtovných predpisov. Zostatková cena hmotného a nehmotného majetku pri vyradení. Zmeny v zaradení hmotného majetku do odpisových skupín.

Saved in:
Bibliographic Details
Main Author: Kováčová, Zdenka
Format: Book Chapter
Language:Slovak
Subjects:
Tags: Add Tag
No Tags, Be the first to tag this record!

MARC

LEADER 00000naa a2200000 4500
001 r043316
005 20230801095616.2
041 0 |a slo 
044 |a SK 
245 1 0 |a Zmeny v odpisovaní hmotného majetku  |c Zdenka Kováčová 
520 |a Dokončenie z HN č. 224/01. Technické zhodnotenie z hľadiska daňových a účtovných predpisov. Zostatková cena hmotného a nehmotného majetku pri vyradení. Zmeny v zaradení hmotného majetku do odpisových skupín. 
610 2 0 |a odpisy 
610 2 0 |a majetok hmotný 
610 2 0 |a majetok nehmotný 
610 2 0 |a zhodnotenie majetku 
610 2 0 |a ceny zostatkové 
610 2 0 |a úpravy právne 
610 2 0 |a Slovensko 
100 1 |a Kováčová, Zdenka